000 01103nam a22002657a 4500
005 20170124103017.0
010 _a511516
020 _c4.00
035 _a511516
037 _bCen Lib/Ret
040 _aDPL
_bHN
082 _a
_bवंधोपा
100 _aवंधोपाध्याय, ताराशंकर
_959405
245 _aवसन्त राग /
_cताराशंकर वंधोपाध्याय; अनुवादक कुसुम बाँठिया
246 _aVasant raag /
_bby Tarashankar Vandhopadhyaya; anuvadak Kusum Banthhiya
260 _aदिल्ली
_bराजपाल एंड संस
_c1967
270 _aकश्मीरी गेट
_bदिल्ली
_e110006
300 _a91पृ.
_c21सेमी (सजिल्द)
650 _aबंगला साहित्य
_959406
650 _aउपन्यास
_959407
650 _aBangla literature
_959408
650 _aFiction
_98901
700 _aबाँठिया, कुसुम
_959409
942 _2ddc
_cHN
_h
_mवंधोपा
999 _c114999
_d114999